[Event "4NCL Online Division 4"]
[Site "online"]
[Date "2020.05.12"]
[Round "6.82"]
[White "Whalley, Mark E"]
[Black "Tivillier, Jacques"]
[Result "0-1"]
[WhiteElo "1712"]
[BlackElo "1945"]
[PlyCount "64"]
[EventDate "2020.05.12"]
[WhiteTeam "Urmston"]
[BlackTeam "Celtic Tigers Cubs"]

1. d4 d5 2. Nc3 Nf6 3. Bg5 Nbd7 4. Nf3 c6 5. Qd3 b5 6. a3 a5 7. Ne5 Bb7 8. Nxd7
Qxd7 9. Bxf6 exf6 10. e3 f5 11. Be2 Bd6 12. O-O O-O 13. Qd2 b4 14. Na4 Qc7 15.
h3 bxa3 16. bxa3 Ba6 17. Bxa6 Rxa6 18. Qd3 Qc8 19. Rfb1 Ra7 20. Rb3 Re7 21. c4
f4 22. cxd5 fxe3 23. fxe3 cxd5 24. Re1 Rfe8 25. Rc3 Bc7 26. Nc5 Qd8 27. Qf5 Qd6
28. Qf3 Qh2+ 29. Kf2 h5 30. e4 dxe4 31. Nxe4 f5 32. Rxc7 Qxc7 0-1

[Event "4NCL Online Division 4"]
[Site "online"]
[Date "2020.05.12"]
[Round "6.83"]
[White "White, John"]
[Black "Reyes, John"]
[Result "0-1"]
[WhiteElo "1817"]
[BlackElo "1660"]
[PlyCount "100"]
[EventDate "2020.05.12"]
[WhiteTeam "Celtic Tigers Cubs"]
[BlackTeam "Urmston"]

1. e4 c6 2. d4 d5 3. e5 Bf5 4. c3 e6 5. Nf3 Be7 6. Be2 Nd7 7. O-O b6 8. a3 a5
9. c4 dxc4 10. Bxc4 b5 11. Bd3 Bxd3 12. Qxd3 Nb6 13. Nbd2 Nd5 14. Ne4 h6 15.
Bd2 f5 16. exf6 Ngxf6 17. Nxf6+ Bxf6 18. Qg6+ Kd7 19. Rfe1 Qe8 20. Qe4 Qf7 21.
Rac1 Ra6 22. Bf4 Re8 23. g4 g5 24. Be5 Ke7 25. Rc5 Kf8 26. Rec1 Kg8 27. Rxc6
Rxc6 28. Rxc6 Rf8 29. Bg3 Bg7 30. Ne5 Bxe5 31. Qxe5 Re8 32. Qe4 b4 33. Qc2 h5
34. Qe2 h4 35. Be5 h3 36. Qd3 Rf8 37. Bg3 bxa3 38. bxa3 Qh7 39. Qxh7+ Kxh7 40.
Rxe6 Rf3 41. Re5 Rxa3 42. Kf1 Nf4 43. Bxf4 gxf4 44. Ke2 f3+ 45. Kd2 Ra2+ 46.
Ke3 Re2+ 47. Kxf3 Rxe5 48. dxe5 a4 49. e6 Kg7 50. Ke3 a3 0-1

[Event "4NCL Online Division 4"]
[Site "online"]
[Date "2020.05.12"]
[Round "6.84"]
[White "Randall, Grant"]
[Black "Kitchen, Peter J"]
[Result "0-1"]
[WhiteElo "1540"]
[BlackElo "1862"]
[PlyCount "110"]
[EventDate "2020.05.12"]
[WhiteTeam "Urmston"]
[BlackTeam "Celtic Tigers Cubs"]

1. e4 e6 2. d4 d5 3. exd5 exd5 4. Bd3 Nc6 5. Nf3 Bd6 6. O-O Nge7 7. c3 Bg4 8.
Re1 Qd7 9. Nbd2 f6 10. Qc2 O-O-O 11. b4 Rde8 12. b5 Na5 13. Qa4 b6 14. Ba3 Kb8
15. Bxd6 Qxd6 16. Rac1 Ng6 17. c4 dxc4 18. Nxc4 Nxc4 19. Qxc4 Be6 20. Qa4 Bd5
21. Nd2 Nf4 22. Nc4 Qd7 23. Bf1 Nxg2 24. Bxg2 Qg4 25. Ne3 Rxe3 26. f3 Rxe1+ 27.
Rxe1 Bxf3 28. Qc2 Qxd4+ 29. Qf2 Qxf2+ 30. Kxf2 Bxg2 31. Kxg2 Rd8 32. Re2 Rd5
33. a4 Rd4 34. Re7 Rd5 35. Rxg7 Rg5+ 36. Rxg5 fxg5 37. Kg3 c5 38. bxc6 Kc7 39.
Kg4 a6 40. Kxg5 b5 41. axb5 axb5 42. Kh6 b4 43. h4 b3 44. Kxh7 b2 45. h5 b1=Q+
46. Kg7 Qg1+ 47. Kh7 Qg5 48. h6 Qf6 49. Kg8 Qxh6 50. Kf7 Qxc6 51. Kg8 Qd7 52.
Kf8 Kd6 53. Kg8 Ke6 54. Kh8 Kf6 55. Kg8 Qg7# 0-1

[Event "4NCL Online Division 4"]
[Site "online"]
[Date "2020.05.12"]
[Round "6.91"]
[White "Burroughs, Adam"]
[Black "Pal, Rohan"]
[Result "1-0"]
[WhiteElo "1847"]
[BlackElo "1832"]
[PlyCount "77"]
[EventDate "2020.05.12"]
[WhiteTeam "Downend 2"]
[BlackTeam "Warwickshire Bears A"]

1. e4 e5 2. Nf3 Nc6 3. Bb5 a6 4. Ba4 Nf6 5. O-O b5 6. Bb3 Bc5 7. c3 d6 8. d4
Bb6 9. Bg5 O-O 10. h3 h6 11. Bh4 Re8 12. a4 Rb8 13. axb5 axb5 14. Qd3 Bd7 15.
Nbd2 Na5 16. Bxf6 gxf6 17. Ba2 c5 18. dxc5 dxc5 19. Rfd1 Bc6 20. Qe3 Kg7 21.
Nh4 Bd7 22. Nf1 c4 23. Qg3+ Kh7 24. Ne3 Rg8 25. Ng4 Rb7 26. Nf5 Rg6 27. Nd6 Ra7
28. Nxb5 Rb7 29. Nd6 Ra7 30. Nxf7 Qg8 31. Bxc4 Bxg4 32. Ng5+ Rxg5 33. Bxg8+
Kxg8 34. hxg4 Rag7 35. Qh3 Rxg4 36. Rd7 Rxg2+ 37. Qxg2 Rxg2+ 38. Kxg2 Nb3 39.
Ra8+ 1-0

[Event "4NCL Online Division 4"]
[Site "online"]
[Date "2020.05.12"]
[Round "6.92"]
[White "Shearsby, Jude"]
[Black "Williams, Stephen M"]
[Result "1-0"]
[WhiteElo "1847"]
[BlackElo "1892"]
[PlyCount "59"]
[EventDate "2020.05.12"]
[WhiteTeam "Warwickshire Bears A"]
[BlackTeam "Downend 2"]

1. d4 d5 2. Bf4 c5 3. e3 Nc6 4. Nc3 cxd4 5. exd4 Nf6 6. Nb5 e5 7. Bxe5 Nxe5 8.
dxe5 Bb4+ 9. c3 Qe7 10. cxb4 Ne4 11. a3 O-O 12. Qxd5 Bf5 13. Bd3 Rfd8 14. Qb3
Nd2 15. Kxd2 Rxd3+ 16. Qxd3 Bxd3 17. Kxd3 Rd8+ 18. Nd4 Qxe5 19. Ngf3 Qd5 20.
Rac1 g5 21. Rhe1 Qf5+ 22. Kc3 Rc8+ 23. Kd2 Qf4+ 24. Re3 Rxc1 25. Kxc1 g4 26. g3
Qc7+ 27. Rc3 Qd7 28. Nh4 h5 29. Nhf5 Qd5 30. Ne7+ 1-0

[Event "4NCL Online Division 4"]
[Site "online"]
[Date "2020.05.12"]
[Round "6.93"]
[White "Pickup, Ian R"]
[Black "Chen, Daniel Xingyu"]
[Result "1-0"]
[WhiteElo "1780"]
[BlackElo "1832"]
[PlyCount "47"]
[EventDate "2020.05.12"]
[WhiteTeam "Downend 2"]
[BlackTeam "Warwickshire Bears A"]

1. e4 c5 2. Nf3 Nc6 3. d4 cxd4 4. Nxd4 g6 5. Nc3 Bg7 6. Be3 Nf6 7. Bc4 O-O 8.
f3 d6 9. g4 Ne5 10. Be2 d5 11. g5 Ne8 12. Nxd5 e6 13. Nc3 Nd6 14. Ndb5 Ndc4 15.
Bc5 Qxg5 16. Bxc4 Nxc4 17. Bxf8 Qg2 18. Rf1 Bf6 19. Bc5 Bh4+ 20. Bf2 Ne3 21.
Qe2 Bxf2+ 22. Qxf2 Nxc2+ 23. Ke2 Qxf2+ 24. Kxf2 1-0

[Event "4NCL Online Division 4"]
[Site "online"]
[Date "2020.05.12"]
[Round "6.94"]
[White "Sandhu, Manvith"]
[Black "Benkhoucha, Samy"]
[Result "0-1"]
[WhiteElo "1885"]
[BlackElo "1427"]
[PlyCount "136"]
[EventDate "2020.05.12"]
[WhiteTeam "Warwickshire Bears A"]
[BlackTeam "Downend 2"]

1. e4 c5 2. Nf3 d6 3. d4 cxd4 4. Qxd4 Nc6 5. Bb5 Bd7 6. Bxc6 Bxc6 7. Nc3 Nf6 8.
Bg5 Qb6 9. Qxb6 axb6 10. Bxf6 gxf6 11. Nd5 Bxd5 12. exd5 Rc8 13. c3 h5 14.
O-O-O h4 15. g3 hxg3 16. fxg3 Rc5 17. Kc2 Rh5 18. Rd4 Rcxd5 19. Rb4 Rhf5 20.
Nd4 Rf2+ 21. Kb3 e5 22. Rb5 Rc5 23. Rxc5 bxc5 24. Nb5 Kd7 25. c4 e4 26. Nc3 e3
27. Re1 Bh6 28. Nd5 e2 29. Nc3 Rxh2 30. Rxe2 Rxe2 31. Nxe2 Ke6 32. Kc3 Kf5 33.
Kd3 Kg4 34. Ke4 f5+ 35. Kd3 f4 36. gxf4 Bxf4 37. Ke4 f5+ 38. Kd3 Be5 39. b3 f4
40. Kd2 f3 41. Nc1 Kg3 42. Nd3 Bd4 43. Ke1 f2+ 44. Kf1 Kf3 45. b4 Ke4 46. Nxf2+
Bxf2 47. Kxf2 cxb4 48. Ke2 Kd4 49. Kd2 Kxc4 50. Kc2 d5 51. Kd2 b5 52. Kc2 d4
53. Kd2 d3 54. Kd1 Kc3 55. Kc1 b3 56. axb3 Kxb3 57. Kd2 Kc4 58. Kd1 Kc3 59. Kc1
b4 60. Kb1 Kd2 61. Kb2 Ke1 62. Ka2 d2 63. Kb2 d1=Q 64. Ka2 Qc2+ 65. Ka1 Qc3+
66. Ka2 b3+ 67. Kb1 Qc2+ 68. Ka1 Qa2# 0-1

[Event "4NCL Online Division 4"]
[Site "online"]
[Date "2020.05.12"]
[Round "6.101"]
[White "Tarling, Ray"]
[Black "Morrison, Munroe L"]
[Result "1-0"]
[WhiteElo "1930"]
[BlackElo "1717"]
[PlyCount "57"]
[EventDate "2020.05.12"]
[WhiteTeam "Guildford Gatekeepers"]
[BlackTeam "War & Piece"]

1. e4 d6 2. d4 Nf6 3. Bd3 e5 4. c3 Nbd7 5. Nf3 Be7 6. O-O O-O 7. Re1 c6 8. h3
b6 9. Nbd2 Re8 10. Nf1 Qc7 11. Ng3 g6 12. Bh6 Bf8 13. Qd2 Bg7 14. Qg5 Nf8 15.
Bxg7 Kxg7 16. Bc2 exd4 17. Nxd4 Re5 18. Ndf5+ Bxf5 19. Nxf5+ Rxf5 20. exf5 d5
21. Re2 c5 22. Rae1 N8d7 23. fxg6 hxg6 24. f4 d4 25. c4 b5 26. Bd3 Rh8 27. Re7
Rh5 28. Qxg6+ Kf8 29. Qxf7# 1-0

[Event "4NCL Online Division 4"]
[Site "online"]
[Date "2020.05.12"]
[Round "6.102"]
[White "O'Byrne, Daniel"]
[Black "Kammin, Samuel"]
[Result "0-1"]
[WhiteElo "1669"]
[BlackElo "1795"]
[PlyCount "82"]
[EventDate "2020.05.12"]
[WhiteTeam "War & Piece"]
[BlackTeam "Guildford Gatekeepers"]

1. Nf3 d5 2. d4 Bf5 3. c4 c6 4. g3 dxc4 5. Bg2 Nf6 6. O-O e6 7. Nbd2 Nbd7 8.
Nxc4 Qc7 9. Bf4 Qc8 10. Bd6 Ne4 11. Bxf8 Kxf8 12. Nh4 Nb6 13. Ne5 Nd6 14. Nxf5
Nxf5 15. e4 Nd6 16. Qh5 Qc7 17. f4 Nbc4 18. f5 exf5 19. exf5 Ne3 20. Rf2 Nxg2
21. Kxg2 Ne4 22. Re2 Nf6 23. Qf3 Rd8 24. Rd1 Nd5 25. Ng4 f6 26. Nf2 Kf7 27. Ne4
Rhe8 28. Nc5 Rxe2+ 29. Qxe2 Re8 30. Qh5+ Kf8 31. Kh3 Qe7 32. Ne6+ Kg8 33. Re1
Qf7 34. Qg4 Nc7 35. Re3 g6 36. Qe2 Nd5 37. fxg6 hxg6 38. Re4 Qd7 39. Kg2 Qc8
40. Qg4 Kf7 41. Nc5 Ne3+ 0-1

[Event "4NCL Online Division 4"]
[Site "online"]
[Date "2020.05.12"]
[Round "6.103"]
[White "Merriman, Rob"]
[Black "Chwieseni, Edward I"]
[Result "1-0"]
[WhiteElo "1727"]
[BlackElo "1696"]
[PlyCount "67"]
[EventDate "2020.05.12"]
[WhiteTeam "Guildford Gatekeepers"]
[BlackTeam "War & Piece"]

1. e4 e5 2. Nf3 Nc6 3. Bb5 Bc5 4. Nxe5 Bxf2+ 5. Kxf2 Nxe5 6. Rf1 Qh4+ 7. Kg1
Nf6 8. d4 Nc6 9. Rf4 Qh5 10. Be2 Qa5 11. Nc3 a6 12. e5 Nd5 13. Nxd5 Qxd5 14. c4
Qa5 15. c5 b5 16. Bd2 Qa4 17. b3 Qa3 18. Bc1 Qa5 19. a3 Qc3 20. Rb1 Nxd4 21.
Qxd4 Qxd4+ 22. Rxd4 O-O 23. Bf3 Rb8 24. b4 f6 25. exf6 Rxf6 26. Bf4 d6 27. cxd6
cxd6 28. Bxd6 Rb6 29. Bc7 Rbe6 30. Rd8+ Rf8 31. Bd5 Rxd8 32. Bxd8 Kf7 33. Re1
Bd7 34. Kf2 1-0

[Event "4NCL Online Division 4"]
[Site "online"]
[Date "2020.05.12"]
[Round "6.104"]
[White "Chapman, Chas"]
[Black "Tarling, Adam"]
[Result "1-0"]
[WhiteElo "1675"]
[BlackElo "1705"]
[PlyCount "141"]
[EventDate "2020.05.12"]
[WhiteTeam "War & Piece"]
[BlackTeam "Guildford Gatekeepers"]

1. e4 e5 2. Nf3 Nc6 3. Bc4 Nf6 4. Nc3 Nxe4 5. Nxe4 d5 6. Bd3 dxe4 7. Bxe4 Bd6
8. h3 O-O 9. O-O Be6 10. b3 f5 11. Bxc6 bxc6 12. Bb2 e4 13. Nd4 Bd7 14. f3 Qg5
15. Ne2 f4 16. Kh2 e3 17. dxe3 fxe3+ 18. Kh1 Qh6 19. Qd4 Bxh3 20. Qxg7+ Qxg7
21. Bxg7 Bxg2+ 22. Kxg2 Kxg7 23. c4 Rf6 24. f4 Raf8 25. Kg3 h5 26. Rf3 Rg6+ 27.
Kh3 Rg4 28. Raf1 c5 29. Rg3 Rxg3+ 30. Kxg3 Kg6 31. Kf3 Re8 32. Rh1 c6 33. Ng3
Rf8 34. Nxh5 Rh8 35. Rg1+ Kf5 36. Ng3+ Ke6 37. Kxe3 Rg8 38. Re1 Kd7 39. Ne4 Rf8
40. Rd1 Kc7 41. Rxd6 Re8 42. Rf6 Kb6 43. f5 Kc7 44. Rf7+ Kb6 45. Kf4 a6 46. f6
Rh8 47. Ng5 Rh2 48. Rf8 Rxa2 49. f7 Rf2+ 50. Kg3 Rf5 51. Kg4 Rf1 52. Nf3 Ka5
53. Ra8 Kb4 54. f8=Q Kxb3 55. Qxc5 Rc1 56. Rb8+ Kc2 57. Qxc6 a5 58. Ra8 a4 59.
Qxa4+ Kd3 60. Rd8+ Ke2 61. Rd2+ Kf1 62. c5 Rb1 63. Qd1+ Rxd1 64. Rxd1+ Ke2 65.
Rd8 Kf2 66. c6 Kg2 67. c7 Kh1 68. Ng5 Kh2 69. c8=Q Kg2 70. Rd2+ Kf1 71. Qc1#
1-0

[Event "4NCL Online Division 4"]
[Site "online"]
[Date "2020.05.12"]
[Round "6.111"]
[White "Patel, Rishi"]
[Black "Retallick, Lloyd"]
[Result "1-0"]
[WhiteElo "1891"]
[BlackElo "2065"]
[PlyCount "71"]
[EventDate "2020.05.12"]
[WhiteTeam "Harrow 3"]
[BlackTeam "East Cornwall Killers"]

1. e4 c6 2. d4 d5 3. exd5 cxd5 4. Nf3 Nc6 5. c3 Bg4 6. h3 Bxf3 7. Qxf3 e6 8.
Bf4 Bd6 9. Bd3 Nge7 10. O-O Ng6 11. Bxd6 Qxd6 12. Nd2 O-O 13. Qe3 Rfe8 14. f4
Rac8 15. Rae1 Re7 16. Qf2 Rce8 17. h4 f6 18. h5 Nf8 19. h6 gxh6 20. Qh4 e5 21.
fxe5 fxe5 22. Rf6 Re6 23. Qg3+ Kh8 24. Rf7 Ng6 25. Rxb7 e4 26. Qxd6 Rxd6 27.
Bc2 Re7 28. Rb5 Nf4 29. Nf1 Rg7 30. Ne3 Rdg6 31. Rf1 Ne2+ 32. Kh2 Ne7 33. Rb8+
Ng8 34. Rf2 Nc1 35. Nxd5 Rg5 36. Bxe4 1-0

[Event "4NCL Online Division 4"]
[Site "online"]
[Date "2020.05.12"]
[Round "6.113"]
[White "Cobben, Jan M"]
[Black "Trudeau, Gary"]
[Result "0-1"]
[WhiteElo "1787"]
[BlackElo "1870"]
[PlyCount "124"]
[EventDate "2020.05.12"]
[WhiteTeam "Harrow 3"]
[BlackTeam "East Cornwall Killers"]

1. e4 c5 2. b4 cxb4 3. d4 d5 4. e5 Nc6 5. a3 Bf5 6. axb4 Nxb4 7. Na3 Rc8 8.
Bb5+ Nc6 9. Ne2 e6 10. O-O Qb6 11. Ba4 f6 12. Bf4 Bxa3 13. Rxa3 Nge7 14. exf6
gxf6 15. Bd6 Qd8 16. Bg3 O-O 17. Qd2 e5 18. Qh6 Qe8 19. dxe5 Qg6 20. Qh4 Kh8
21. exf6 Qxf6 22. Rb1 Qxh4 23. Bxh4 Ng6 24. Bg3 b6 25. Bxc6 Rxc6 26. Nd4 Rc4
27. Nxf5 Rxf5 28. c3 Rf7 29. f3 d4 30. cxd4 Rxd4 31. Rba1 Rdd7 32. Rc3 b5 33.
Rc5 Rb7 34. Ra5 b4 35. Kf1 Rfe7 36. Rcb5 Kg7 37. Rxb7 Rxb7 38. Ke2 Ne7 39. Bf2
Nc6 40. Ra6 Rc7 41. Kd2 Kf6 42. Bxa7 Ke5 43. Kd3 Nxa7 44. Rb6 Nc6 45. Rb5+ Kd6
46. f4 Ra7 47. Kc4 Ra2 48. Rd5+ Kc7 49. Rg5 Rf2 50. Kc5 Rc2+ 51. Kb5 Rd2 52.
Rg7+ Rd7 53. Rg5 b3 54. Kc4 b2 55. Rb5 Rd2 56. f5 Rxg2 57. h4 Rf2 58. Kc3 Rxf5
59. Rxb2 Rf3+ 60. Kc4 Rh3 61. Kd5 Rxh4 62. Rc2 Rh5+ 0-1

[Event "4NCL Online Division 4"]
[Site "online"]
[Date "2020.05.12"]
[Round "6.114"]
[White "Kirkman, Nigel J"]
[Black "O'Neill, Richard"]
[Result "1-0"]
[WhiteElo "1795"]
[BlackElo "1645"]
[PlyCount "143"]
[EventDate "2020.05.12"]
[WhiteTeam "East Cornwall Killers"]
[BlackTeam "Harrow 3"]

1. c4 c5 2. g3 g6 3. Nc3 Nc6 4. Bg2 Bg7 5. e4 e5 6. a3 a5 7. d3 d6 8. Be3 Nge7
9. Nge2 O-O 10. h3 Nd4 11. Bxd4 exd4 12. Nd5 Nxd5 13. exd5 Bd7 14. O-O Qc8 15.
Kh2 Bh6 16. f4 f5 17. Ng1 Re8 18. Re1 Rxe1 19. Qxe1 Qe8 20. Nf3 Qxe1 21. Rxe1
Re8 22. Rxe8+ Bxe8 23. Nd2 a4 24. Bf3 Bf8 25. Bd1 Be7 26. b4 axb3 27. Bxb3 g5
28. a4 gxf4 29. gxf4 Bh5 30. Kg3 Be2 31. Bc2 Bf8 32. Kf2 Bh5 33. Nf3 h6 34. Nh4
Kf7 35. Nxf5 Kf6 36. Ng3 Bg6 37. Kf3 Be7 38. Ne4+ Kf5 39. Kg3 Bh5 40. Nf2 Be2
41. Bd1 Bxd1 42. Nxd1 h5 43. Nf2 h4+ 44. Kf3 Bf8 45. Ne4 Be7 46. Nd2 Bf8 47.
Nb3 Bh6 48. Na5 b6 49. Nc6 Bxf4 50. Ne7+ Kg5 51. Nc8 Be5 52. Nxb6 Bf6 53. Nc8
Bd8 54. Nxd6 Kg6 55. Nb7 Bb6 56. a5 Bc7 57. d6 Bb8 58. d7 Bc7 59. d8=Q Bxd8 60.
Nxd8 Kf6 61. a6 Ke7 62. a7 Kxd8 63. a8=Q+ Kc7 64. Qa6 Kd7 65. Qb6 Ke7 66. Qc6
Kf7 67. Qd6 Ke8 68. Qc7 Kf8 69. Kf4 Ke8 70. Kf5 Kf8 71. Kf6 Ke8 72. Qe7# 1-0

[Event "4NCL Online Division 4"]
[Site "online"]
[Date "2020.05.12"]
[Round "6.121"]
[White "Merriman, James"]
[Black "Hooker, Steve"]
[Result "1-0"]
[WhiteElo "1997"]
[BlackElo "1990"]
[PlyCount "97"]
[EventDate "2020.05.12"]
[WhiteTeam "Kent KJCA Kestrels C"]
[BlackTeam "Dorking"]

1. d4 g6 2. c4 f5 3. g3 Bg7 4. Bg2 Nf6 5. Nh3 O-O 6. Nf4 c6 7. h4 e5 8. dxe5
Ng4 9. h5 Nxe5 10. hxg6 hxg6 11. Qb3 Qb6 12. Qc2 d6 13. Be3 Qb4+ 14. Nd2 Ng4
15. Nxg6 Nxe3 16. fxe3 Re8 17. Rb1 Rxe3 18. a3 Qa5 19. Bf3 Nd7 20. Kf2 Re8 21.
Kg2 Nf6 22. b4 Qc7 23. Rbf1 Be6 24. e4 Qd7 25. Nf4 fxe4 26. Nxe4 Bf5 27. Nxf6+
Bxf6 28. Qf2 Re7 29. Nh5 Be5 30. Kg1 Rf7 31. Rh4 Raf8 32. Qd2 Qe6 33. Nf4 Qf6
34. Qh2 Qg5 35. Kh1 Re8 36. Bh5 Ree7 37. Bxf7+ Rxf7 38. Re1 Bg4 39. Ng2 Rf2 40.
Qg1 Bxg3 41. Re8+ Kf7 42. Rhh8 Bf3 43. Rhf8+ Kg7 44. Rg8+ Kf6 45. Ref8+ Ke7 46.
Rxg5 Bxg2+ 47. Qxg2 Rxg2 48. Kxg2 Bh4 49. Rgg8 1-0

[Event "4NCL Online Division 4"]
[Site "online"]
[Date "2020.05.12"]
[Round "6.122"]
[White "Herman, Thomas"]
[Black "Allison, Conrad"]
[Result "1/2-1/2"]
[WhiteElo "1802"]
[BlackElo "1837"]
[PlyCount "82"]
[EventDate "2020.05.12"]
[WhiteTeam "Dorking"]
[BlackTeam "Kent KJCA Kestrels C"]

1. e4 d6 2. d4 Nf6 3. Bd3 e5 4. d5 Nbd7 5. Nf3 Be7 6. O-O O-O 7. c4 a5 8. Nc3
Nc5 9. Be3 b6 10. Bc2 Ng4 11. Bd2 f5 12. exf5 Bxf5 13. Bxf5 Rxf5 14. h3 Nh6 15.
Bxh6 gxh6 16. Nh2 Kh8 17. Ng4 Bg5 18. Qe2 Qe7 19. Ne4 Nxe4 20. Qxe4 Raf8 21.
Qe2 h5 22. Ne3 Bxe3 23. fxe3 Qf6 24. Rxf5 Qxf5 25. Rf1 Qxf1+ 26. Qxf1 Rxf1+ 27.
Kxf1 Kg7 28. Kf2 Kf6 29. Kf3 Kf5 30. e4+ Kg5 31. g3 h4 32. b3 h5 33. a3 hxg3
34. Kxg3 h4+ 35. Kf3 Kh5 36. b4 axb4 37. axb4 Kg5 38. Ke3 Kf6 39. Kd3 Kg5 40.
Ke3 Kf6 41. Kf3 Kg5 1/2-1/2

[Event "4NCL Online Division 4"]
[Site "online"]
[Date "2020.05.12"]
[Round "6.123"]
[White "Cook, John"]
[Black "Collins, Anthony S"]
[Result "1-0"]
[WhiteElo "1815"]
[BlackElo "1716"]
[PlyCount "43"]
[EventDate "2020.05.12"]
[WhiteTeam "Kent KJCA Kestrels C"]
[BlackTeam "Dorking"]

1. c4 e5 2. g3 Nf6 3. Bg2 Nc6 4. Nc3 Be7 5. e4 d6 6. Nge2 h5 7. d4 h4 8. d5 h3
9. Bf3 Nb8 10. Bd2 Nh7 11. Nc1 f5 12. Bh5+ Kf8 13. Bg6 fxe4 14. Nxe4 Nd7 15. f4
exf4 16. Bxf4 Ne5 17. Bxe5 dxe5 18. Qh5 Kg8 19. Bf7+ Kf8 20. Rf1 Bb4+ 21. Ke2
Bd6 22. Be6+ 1-0

[Event "4NCL Online Division 4"]
[Site "online"]
[Date "2020.05.12"]
[Round "6.124"]
[White "Sedgwick, Robert"]
[Black "Verma, Shlok"]
[Result "0-1"]
[WhiteElo "1502"]
[BlackElo "1722"]
[PlyCount "42"]
[EventDate "2020.05.12"]
[WhiteTeam "Dorking"]
[BlackTeam "Kent KJCA Kestrels C"]

1. e4 e6 2. d4 d5 3. e5 c5 4. c3 Nc6 5. Be3 Qb6 6. Qd2 cxd4 7. Bxd4 Nxd4 8.
cxd4 Bd7 9. a3 Ne7 10. Nf3 Ng6 11. Bd3 Bb5 12. Bxb5+ Qxb5 13. Nc3 Qd7 14. O-O
Be7 15. Rac1 O-O 16. b4 a5 17. Na2 Rfc8 18. Rc2 axb4 19. axb4 Rxc2 20. Qxc2 Qa4
21. Nc3 Qxc2 0-1

[Event "4NCL Online Division 4"]
[Site "online"]
[Date "2020.05.12"]
[Round "6.131"]
[White "McCarthy, Maurice"]
[Black "Tomlinson, Zak"]
[Result "1-0"]
[WhiteElo "1978"]
[BlackElo "1802"]
[PlyCount "107"]
[EventDate "2020.05.12"]
[WhiteTeam "Morriston Alekhine"]
[BlackTeam "Chessmates"]

1. c4 e5 2. Nc3 Nf6 3. Nf3 Nc6 4. g3 Bb4 5. Bg2 Bxc3 6. dxc3 d6 7. O-O O-O 8.
Ne1 Bd7 9. Nc2 Qc8 10. Bg5 Qd8 11. Nb4 Nxb4 12. cxb4 Rb8 13. a4 h6 14. Be3 b6
15. a5 Be6 16. axb6 axb6 17. Qc2 d5 18. cxd5 Nxd5 19. Bd2 Qd6 20. b5 Bd7 21.
Rfd1 Bxb5 22. Bxd5 Bxe2 23. Bc3 Bxd1 24. Rxd1 Qc5 25. Qe4 Qe7 26. Bc6 Rbd8 27.
Rxd8 Rxd8 28. Qxe5 Rd1+ 29. Kg2 Qxe5 30. Bxe5 Rc1 31. Bc3 f6 32. h4 Kf7 33. Kf3
Ke6 34. h5 Ra1 35. g4 Rd1 36. Kf4 Rd6 37. Be4 c5 38. Bh7 b5 39. Bg8+ Ke7 40. f3
b4 41. Be1 Rd1 42. Bf2 Kd6 43. b3 Ra1 44. Kf5 Ra7 45. Bg3+ Ke7 46. Kg6 Kf8 47.
Bc4 Rd7 48. Bf4 Rd8 49. Bc7 Rd7 50. Bb6 Rb7 51. Bxc5+ Ke8 52. f4 Kd7 53. Bf8 f5
54. gxf5 1-0

[Event "4NCL Online Division 4"]
[Site "online"]
[Date "2020.05.12"]
[Round "6.132"]
[White "Fisher, Neal"]
[Black "Bevan, Peter M"]
[Result "1-0"]
[WhiteElo "1720"]
[BlackElo "1855"]
[PlyCount "69"]
[EventDate "2020.05.12"]
[WhiteTeam "Chessmates"]
[BlackTeam "Morriston Alekhine"]

1. d4 Nf6 2. Bf4 d6 3. Nf3 g6 4. e3 Bg7 5. c3 O-O 6. Nbd2 b6 7. h4 Bb7 8. h5
Nbd7 9. hxg6 fxg6 10. Ng5 e5 11. dxe5 dxe5 12. Bc4+ Kh8 13. Bg3 Qe7 14. Qc2 e4
15. O-O-O Nc5 16. b4 Nd3+ 17. Bxd3 exd3 18. Qxd3 Bxg2 19. Rh2 Be4 20. Ndxe4
Rad8 21. Qc2 Rxd1+ 22. Kxd1 Nxe4 23. Nxe4 a5 24. a3 axb4 25. cxb4 Re8 26. f3 c5
27. bxc5 bxc5 28. Qxc5 Qxc5 29. Nxc5 Rxe3 30. Re2 Bd4 31. Rxe3 Bxe3 32. Bd6 Kg7
33. a4 Bg5 34. a5 Bd8 35. Ne6+ 1-0

[Event "4NCL Online Division 4"]
[Site "online"]
[Date "2020.05.12"]
[Round "6.133"]
[White "Howells, Chris"]
[Black "Webster, Vivien"]
[Result "1-0"]
[WhiteElo "1767"]
[BlackElo "1720"]
[PlyCount "91"]
[EventDate "2020.05.12"]
[WhiteTeam "Morriston Alekhine"]
[BlackTeam "Chessmates"]

1. d4 b6 2. c4 Bb7 3. Nc3 Nf6 4. f3 e6 5. e4 Bb4 6. Bd3 O-O 7. Nge2 d6 8. Be3
Nbd7 9. O-O Bxc3 10. Nxc3 e5 11. d5 h6 12. g4 Nh7 13. Ne2 Nc5 14. Bc2 Ng5 15.
Kg2 Bc8 16. Ng3 Bd7 17. Qd2 f6 18. b4 Nb7 19. a4 a5 20. b5 Qe8 21. Rae1 Qe7 22.
h4 Nf7 23. Nf5 Bxf5 24. exf5 Qe8 25. Rh1 Nc5 26. Rh3 e4 27. f4 Qd7 28. Bxc5
dxc5 29. Bxe4 Rae8 30. Bd3 Nd6 31. Rxe8 Rxe8 32. Re3 Rf8 33. Qe2 Re8 34. Re6
Rxe6 35. fxe6 Qe7 36. Kg3 Kf8 37. Bg6 Qd8 38. g5 Ke7 39. gxf6+ gxf6 40. Qh5 Qg8
41. Kh3 Qg7 42. Bd3 Qg1 43. Qxh6 Qe3+ 44. Kg4 Qxd3 45. Qg7+ Kd8 46. Qd7# 1-0

[Event "4NCL Online Division 4"]
[Site "online"]
[Date "2020.05.12"]
[Round "6.134"]
[White "Harris, John"]
[Black "Smith, Andrew R"]
[Result "1-0"]
[WhiteElo "1712"]
[BlackElo "1659"]
[PlyCount "85"]
[EventDate "2020.05.12"]
[WhiteTeam "Chessmates"]
[BlackTeam "Morriston Alekhine"]

1. d4 d5 2. Nf3 Nf6 3. Bf4 e6 4. e3 Bd6 5. Bg3 O-O 6. Nbd2 c5 7. c3 Nc6 8. Bd3
b6 9. Qe2 Bb7 10. e4 dxe4 11. Nxe4 Nxe4 12. Bxe4 cxd4 13. O-O-O Qe7 14. Kb1 a5
15. Bxd6 Qxd6 16. Nxd4 Qc7 17. Nb5 Qc8 18. Qh5 f5 19. Bf3 Ne5 20. Bxb7 Qxb7 21.
Rhe1 Ng6 22. f3 Qe7 23. g3 Rad8 24. f4 Rxd1+ 25. Qxd1 Rd8 26. Qb3 Nf8 27. Nd4
Qd6 28. Re5 g6 29. Qb5 Rc8 30. Qa6 Re8 31. Rxa5 Rd8 32. Re5 Kf7 33. a4 Qc7 34.
Nb5 Qc6 35. Nd4 Qh1+ 36. Ka2 Ra8 37. Qc4 Qd1 38. b3 Qd2+ 39. Ka3 Re8 40. Rb5
Nd7 41. Qc7 Re7 42. Nc6 Qxc3 43. Nd8+ 1-0

[Event "4NCL Online Division 4"]
[Site "online"]
[Date "2020.05.12"]
[Round "6.141"]
[White "Putar, Leon"]
[Black "Dean, Robert A"]
[Result "1-0"]
[WhiteElo "1868"]
[BlackElo "1744"]
[PlyCount "109"]
[EventDate "2020.05.12"]
[WhiteTeam "St Benildus B"]
[BlackTeam "Bradford DCA Knights B"]

1. e4 e6 2. d4 d5 3. Nc3 Bb4 4. e5 c5 5. a3 Bxc3+ 6. bxc3 Ne7 7. Bd3 Nbc6 8.
Nf3 Qa5 9. Bd2 Bd7 10. c4 Qa4 11. cxd5 Nxd5 12. c4 Qxd1+ 13. Rxd1 Nde7 14. dxc5
Ng6 15. Bc3 Nf4 16. O-O Nxd3 17. Rxd3 h6 18. Rfd1 O-O-O 19. Rd6 Rhf8 20. Kf1 f6
21. exf6 gxf6 22. Ke2 e5 23. h3 Bf5 24. g4 Bh7 25. Rxd8+ Rxd8 26. Rd6 Rxd6 27.
cxd6 b6 28. Bd2 h5 29. g5 fxg5 30. Nxg5 Nd4+ 31. Kd1 Bg6 32. f4 exf4 33. Bxf4
Kd7 34. Kd2 Nc2 35. Nf3 Bh7 36. Ne5+ Kxd6 37. Nd3+ Kc6 38. Kxc2 b5 39. Kc3 bxc4
40. Kxc4 Bf5 41. Ne5+ Kb7 42. h4 Be6+ 43. Kc5 Ka6 44. Kd6 Bb3 45. Ke7 Kb5 46.
Kf6 Ka4 47. Bc1 Bd1 48. Kg5 Kb3 49. Ng6 Kc2 50. Be3 a5 51. Nf4 Kb3 52. Bc5 Kc4
53. Be7 Kd4 54. Nxh5 Bxh5 55. Kxh5 1-0

[Event "4NCL Online Division 4"]
[Site "online"]
[Date "2020.05.12"]
[Round "6.142"]
[White "Tait, Bill"]
[Black "Putar, Lara"]
[Result "0-1"]
[WhiteElo "1640"]
[BlackElo "1821"]
[PlyCount "40"]
[EventDate "2020.05.12"]
[WhiteTeam "Bradford DCA Knights B"]
[BlackTeam "St Benildus B"]

1. e4 e6 2. d4 d5 3. exd5 exd5 4. Bd3 Nc6 5. c3 Bd6 6. Ne2 Qh4 7. Ng3 Nge7 8.
O-O Be6 9. Nd2 Ng6 10. Nf3 Qe7 11. Re1 Bxg3 12. fxg3 O-O-O 13. Ng5 Rde8 14.
Nxe6 fxe6 15. Bxg6 hxg6 16. Qg4 Kb8 17. Qxg6 e5 18. dxe5 Nxe5 19. Qg5 Nf3+ 20.
gxf3 Qxe1+ 0-1